[Event "Revanche"]
[Site "http://www.queenalice.com/game.php?id=466423"]
[Date "2008.9.21"]
[Round "-"]
[White "Goku"]
[Black "Catao"]
[Result "1-0"]
[WhiteElo "1600"]
[BlackElo "2103"]

1. e4 c5 2. Nf3 d6 3. d4 cxd4 4. Nxd4 Nf6 5. Nc3 a6 6. Bc4 e6 7. O-O Be7 8. Be3
O-O 9. Bb3 b5 10. a3 Bb7 11. Bxe6 Nxe4 12. Nxe4 Bxe4 13. Qg4 Bg6 14. Bd5 Nd7 15.
Bxa8 Qxa8 16. Qxd7 Qd8 17. Qb7 1-0

[Event "AUTO-INT-1051"]
[Site "http://www.queenalice.com/game.php?id=469294"]
[Date "2008.9.27"]
[Round "1"]
[White "Goku"]
[Black "robertot"]
[Result "1-0"]
[WhiteElo "1771"]
[BlackElo "1370"]

1. e4 e5 2. Nf3 Nc6 3. Bb5 a6 4. Bxc6 bxc6 5. O-O d6 6. d4 exd4 7. Qxd4 Nf6 8.
Nc3 c5 9. Qd3 Be7 10. b3 Bb7 11. Bb2 O-O 12. Rad1 Re8 13. Rfe1 Bf8 14. a3 Qd7
15. e5 Bxf3 16. Qxf3 1-0

[Event "AUTO-INT-1051"]
[Site "http://www.queenalice.com/game.php?id=469295"]
[Date "2008.9.27"]
[Round "1"]
[White "robertot"]
[Black "Goku"]
[Result "0-1"]
[WhiteElo "1450"]
[BlackElo "1771"]

1. e4 e5 2. Nf3 Nf6 3. Nc3 Bb4 4. Bc4 d6 5. d3 Bxc3+ 6. bxc3 Nbd7 7. O-O O-O 8.
Be3 c6 9. Qd2 d5 10. exd5 cxd5 11. Bb3 Qc7 12. Bg5 a5 13. a4 b6 14. Rfe1 Re8 15.
Bxf6 Nxf6 16. c4 e4 17. Nd4 Ng4 18. g3 Ne5 19. cxd5 Qc5 20. Nb5 Nf3+ 0-1

[Event "AUTO-INT-1051"]
[Site "http://www.queenalice.com/game.php?id=469296"]
[Date "2008.9.27"]
[Round "1"]
[White "Goku"]
[Black "igothedistance"]
[Result "1-0"]
[WhiteElo "1776"]
[BlackElo "1301"]

1. e4 c5 2. Nf3 Nc6 3. Bb5 Qc7 4. d3 e5 5. O-O Nf6 6. Qd2 Be7 7. Qg5 O-O 8. Bxc6
Qxc6 9. Qxe5 Re8 10. Nc3 Bd6 11. Qg5 Be7 12. Re1 Nxe4 13. Rxe4 f6 14. Qd5+ Qxd5
15. Nxd5 Rb8 16. Bf4 d6 17. Nxe7+ Kh8 18. Ng6+ hxg6 19. Rxe8+ Kh7 20. Bxd6 1-0

[Event "AUTO-INT-1051"]
[Site "http://www.queenalice.com/game.php?id=469297"]
[Date "2008.9.27"]
[Round "1"]
[White "igothedistance"]
[Black "Goku"]
[Result "0-1"]
[WhiteElo "1279"]
[BlackElo "1771"]

1. Nf3 Nf6 2. b3 d5 3. e3 Bg4 4. d3 e5 5. Be2 Bd6 6. Bb2 Nbd7 7. O-O Qe7 8. Nbd2
O-O 9. Nh4 Be6 10. f4 exf4 11. exf4 Rfe8 12. Bxf6 Qxf6 13. g3 Bh3 14. Rf2 Bc5
15. Bf1 Bxf2+ 16. Kxf2 Qd4+ 0-1

[Event "AUTO-INT-1051"]
[Site "http://www.queenalice.com/game.php?id=469298"]
[Date "2008.9.27"]
[Round "1"]
[White "Goku"]
[Black "diego2907"]
[Result "1-0"]
[WhiteElo "1531"]
[BlackElo "1749"]

1. e4 e5 2. Nf3 d6 3. Nc3 a6 4. d4 Bg4 5. dxe5 Bxf3 6. Qxf3 dxe5 7. Bc4 Nf6 8.
Nd5 c6 9. Nxf6+ gxf6 10. Be3 Nd7 11. Qh5 Be7 12. Qxf7# 1-0

[Event "AUTO-INT-1051"]
[Site "http://www.queenalice.com/game.php?id=469299"]
[Date "2008.9.27"]
[Round "1"]
[White "diego2907"]
[Black "Goku"]
[Result "0-1"]
[WhiteElo "1830"]
[BlackElo "1664"]

1. e4 e5 2. Bc4 Nf6 3. d3 c6 4. Nf3 d5 5. exd5 cxd5 6. Bb5+ Bd7 7. Bxd7+ Nbxd7
8. Bg5 Qb6 9. b3 Rc8 10. O-O Bc5 11. Bxf6 Qxf6 12. h3 e4 13. dxe4 Qxa1 14. exd5
O-O 15. Ng5 Qxa2 16. Qh5 Qxc2 17. Nd2 Nf6 18. Qe2 Rfd8 19. Rd1 Rxd5 20. Ngf3 Ne4
21. Kf1 Re8 22. Nxe4 Qxe2+ 23. Kxe2 Rxe4+ 24. Kf1 Rxd1+ 25. Ne1 Rexe1# 0-1

[Event "Quer revanche??"]
[Site "http://www.queenalice.com/game.php?id=475460"]
[Date "2008.10.10"]
[Round "-"]
[White "Catao"]
[Black "Goku"]
[Result "0-1"]
[WhiteElo "2088"]
[BlackElo "1711"]

1. d4 d5 2. c4 dxc4 3. Nf3 b5 4. a4 c6 5. e3 Qa5+ 6. Bd2 Qc7 7. axb5 cxb5 8. b3
Nd7 9. bxc4 bxc4 10. Qa4 Bb7 11. Ne5 Nf6 12. Qxc4 Qxc4 13. Bxc4 Nxe5 14. dxe5
Nd7 15. e6 fxe6 16. O-O e5 17. Nc3 Nb6 18. Bb5+ Kf7 19. Na4 e6 20. Nxb6 axb6 21.
Rxa8 Bxa8 22. Ra1 Bc5 23. Ra7+ Kf6 24. Bc3 Rc8 25. Bd3 Bxe3 26. Bxe5+ Kxe5 27.
fxe3 Be4 28. Bf1 Rc1 29. Kf2 Rc2+ 30. Kg3 g5 31. Rxh7 Bxh7 0-1

[Event "AUTO-INT-1051"]
[Site "http://www.queenalice.com/game.php?id=528583"]
[Date "2009.1.24"]
[Round "2"]
[White "THEJEGUE"]
[Black "Goku"]
[Result "0-1"]
[WhiteElo "1723"]
[BlackElo "1797"]

1. e4 e5 2. Nf3 Nf6 3. Nxe5 Qe7 4. Nd3 Qxe4+ 5. Qe2 Nc6 6. Qxe4+ Nxe4 7. Nc3 Nd4
8. Rb1 Nf6 9. Kd1 d5 10. Ne5 Bd6 11. Nf3 Ng4 12. Nxd4 Nxf2+ 13. Ke1 Nxh1 14.
Nxd5 Bxh2 15. d3 Bg3+ 16. Ke2 Bg4+ 17. Nf3 O-O-O 18. Ne7+ Kb8 19. Bg5 Rde8 20.
Kd2 h6 21. Bh4 Bxf3 22. gxf3 Bxh4 23. Nd5 c6 24. Bg2 Ng3 25. Nc3 Bg5+ 26. Kd1
Re7 27. Ne4 Rhe8 28. c4 f5 29. b4 fxe4 30. fxe4 Rd8 31. Rb3 Rf7 32. Ke1 Rdf8 33.
d4 Rf1+ 34. Bxf1 Rxf1# 0-1

[Event "Challenge"]
[Site "http://www.queenalice.com/game.php?id=547217"]
[Date "2009.2.27"]
[Round "-"]
[White "Goku"]
[Black "Be0wulf"]
[Result "1-0"]
[WhiteElo "1871"]
[BlackElo "1832"]

1. e4 Nf6 2. e5 Nd5 3. d4 e6 4. c4 Nb6 5. Nf3 d6 6. exd6 cxd6 7. Nc3 Be7 8. Be3
O-O 9. Bd3 N8d7 10. O-O f5 11. Re1 Rf6 12. a4 a5 13. Qb3 Kh8 14. Bg5 Rg6 15.
Bxe7 Qxe7 16. Bxf5 Rf6 17. Bh3 h6 18. Re3 Ra6 19. Rae1 Nf8 20. Nd5 Nxd5 21. cxd5
Ra7 22. Bxe6 Bxe6 23. dxe6 Ra8 24. d5 Ng6 25. Rc3 Rf4 26. Qc2 Qf6 27. Rc7 Rf8
28. e7 Re8 29. Rc8 Qf7 30. Rxe8+ Qxe8 31. Qc7 Nxe7 32. Rxe7 Qxa4 33. Qxd6 Rf6
34. Qb8+ Kh7 35. Qe5 Qd1+ 36. Ne1 Kh8 37. Re8+ Kh7 38. Qe4+ Rg6 39. Re6 Qh5 40.
d6 1-0

[Event "AUTO-INT-1051"]
[Site "http://www.queenalice.com/game.php?id=556433"]
[Date "2009.3.15"]
[Round "3"]
[White "od_xavier"]
[Black "Goku"]
[Result "0-1"]
[WhiteElo "1865"]
[BlackElo "1814"]

1. e4 e5 2. Nf3 Nf6 3. Bc4 Nxe4 4. Nxe5 Qe7 5. d4 d6 6. Nc3 Nxc3 7. bxc3 dxe5 8.
O-O Be6 9. Re1 Bxc4 10. Rxe5 Be6 11. d5 Nc6 12. dxc6 bxc6 13. Bg5 Qd7 14. Qg4
Bd6 15. Ree1 c5 16. Rad1 O-O 17. Qe4 Rfe8 18. Be3 Bg4 19. Qd3 Bxd1 20. Rxd1 Rad8
21. Qa6 Bxh2+ 22. Kxh2 Qxd1 23. Qxa7 Qh5+ 24. Kg3 Re4 25. f3 Qh4# 0-1

[Event "AUTO-INT-1051"]
[Site "http://www.queenalice.com/game.php?id=556434"]
[Date "2009.3.15"]
[Round "3"]
[White "Goku"]
[Black "od_xavier"]
[Result "1-0"]
[WhiteElo "1837"]
[BlackElo "1851"]

1. e4 e5 2. Nf3 Nc6 3. Bb5 Nf6 4. d3 Bc5 5. Bxc6 dxc6 6. O-O Bg4 7. h3 Bh5 8. g4
Bg6 9. Nxe5 O-O 10. Nc3 Bd6 11. Nxg6 fxg6 12. d4 Bb4 13. Qd3 h5 14. Qc4+ Kh7 15.
Qxb4 hxg4 16. e5 gxh3 17. exf6 Qxf6 18. f3 Qg5+ 19. Bxg5 Rf5 20. f4 Re8 21. Rf3
h2+ 22. Kxh2 b6 23. Rh3+ Kg8 24. Qc4+ Rf7 25. Rh1 Rd8 26. Bxd8 g5 27. Kg2 g6 28.
Rh8+ Kg7 29. R1h7# 1-0

[Event "AUTO-INT-1051"]
[Site "http://www.queenalice.com/game.php?id=556435"]
[Date "2009.3.15"]
[Round "3"]
[White "aureliano"]
[Black "Goku"]
[Result "0-1"]
[WhiteElo "1618"]
[BlackElo "1856"]

1. e3 e5 2. Qf3 Nf6 3. b3 d5 4. Bb2 Bd6 5. Bd3 e4 6. Bb5+ c6 7. Qe2 cxb5 8.
Qxb5+ Bd7 9. Qxb7 Bc6 10. Bxf6 gxf6 11. Qxa8 Bxa8 12. Ne2 Rg8 13. g3 Nc6 14.
Nbc3 Qa5 15. a4 Ne5 16. O-O Nf3+ 17. Kh1 Be5 18. Nd4 Bxd4 19. exd4 Nxd2 20. b4
Qxb4 21. Na2 Qf8 22. Rfe1 Qh6 23. h4 Qh5 24. Nc3 Qf3+ 25. Kh2 Qxf2+ 26. Kh1 Qf3+
27. Kh2 Qxg3+ 28. Kh1 Qg2# 0-1

[Event "AUTO-INT-1051"]
[Site "http://www.queenalice.com/game.php?id=556436"]
[Date "2009.3.15"]
[Round "3"]
[White "Goku"]
[Black "aureliano"]
[Result "1-0"]
[WhiteElo "1864"]
[BlackElo "1619"]

1. e4 e5 2. Nf3 Bd6 3. d4 Nc6 4. d5 Na5 5. Bd2 b6 6. Bc3 Qf6 7. Bd3 Nh6 8. Na3
Ng4 9. h3 Nh6 10. Nb5 c6 11. Nxd6+ Qxd6 12. Bxe5 Qg6 13. O-O d6 14. Bg3 O-O 15.
b4 Nb7 16. dxc6 Nd8 17. e5 Nf5 18. exd6 Nxc6 19. Be4 Bd7 20. Nh4 Rae8 21. Nxg6
fxg6 22. Qd3 Nxb4 23. Qc4+ Nd5 24. Bxd5+ Kh8 25. Qa6 h5 26. Qxa7 Rd8 27. Bf4 Kh7
28. Bg5 Nxd6 29. Bxd8 Rxd8 30. Qc7 Rc8 31. Qxd7 Rxc2 32. Qxd6 Rd2 33. Bg8+ Kxg8
34. Qxd2 Kh7 35. Qg5 b5 36. Rfd1 b4 37. Rd6 Kg8 38. Qxg6 Kf8 39. Rd7 h4 40. Qf7#
1-0

[Event "AUTO-ADV-1700"]
[Site "http://www.queenalice.com/game.php?id=750460"]
[Date "2010.3.23"]
[Round "1"]
[White "SAMOEL"]
[Black "Goku"]
[Result "0-1"]
[WhiteElo "1850"]
[BlackElo "1933"]

1. e4 e5 2. c3 d5 3. Qf3 Be6 4. h3 Nf6 5. d3 Nc6 6. Ne2 Be7 7. Qg3 dxe4 8. dxe4
Qd6 9. Be3 Nxe4 10. Qxg7 O-O-O 11. Na3 f5 12. Nb5 Qd7 13. Nxa7+ Nxa7 14. Bxa7
Qd2# 0-1

[Event "AUTO-ADV-1700"]
[Site "http://www.queenalice.com/game.php?id=750461"]
[Date "2010.3.23"]
[Round "1"]
[White "Goku"]
[Black "SAMOEL"]
[Result "1-0"]
[WhiteElo "1946"]
[BlackElo "1886"]

1. d4 d5 2. Nf3 Bg4 3. Ne5 Bf5 4. c4 f6 5. Nf3 c6 6. Qb3 e6 7. Qxb7 Nd7 8. Nc3
Rc8 9. Qxa7 Bb4 10. Qa4 Bd6 11. c5 Be7 12. Nh4 g5 13. Nxf5 exf5 14. e3 Nh6 15.
Bd3 Nf8 16. Qd1 Ng6 17. Qc2 Qd7 18. b4 O-O 19. a4 Ra8 20. Bb2 Qc7 21. b5 Kg7 22.
b6 Qb8 23. a5 Re8 24. O-O Ng4 25. g3 f4 26. Bf5 Nh6 27. Bd7 Rf8 28. Bxc6 fxg3
29. fxg3 Ra6 30. Bxd5 Ng4 31. Qe4 h5 32. Nb5 h4 33. Qxg4 hxg3 34. Qxg3 Qe8 35.
Nc7 Qc8 36. Nxa6 Qxa6 37. Qc7 Qe2 38. Bc1 Rh8 39. Ra2 Qg4+ 40. Rg2 Qh3 41. b7 g4
42. Be6 Kf8 43. Rxf6+ Kg7 44. Rf7+ Kh6 45. e4+ Kh5 46. Bxg4+ Qxg4 47. Rxg4 Bd8
48. Rf5+ Kxg4 49. Qg3# 1-0

[Event "AUTO-ADV-1700"]
[Site "http://www.queenalice.com/game.php?id=750472"]
[Date "2010.3.23"]
[Round "1"]
[White "gedalias"]
[Black "Goku"]
[Result "0-1"]
[WhiteElo "1790"]
[BlackElo "1898"]

1. g4 d5 2. Bg2 c6 3. g5 e5 4. h4 Qb6 5. e3 Bd6 6. Nc3 Ne7 7. d4 e4 8. Bh3 Bxh3
9. Rxh3 Nd7 10. Nge2 h6 11. gxh6 Rxh6 12. Na4 Qa5+ 13. Nac3 O-O-O 14. b3 Nf5 15.
Kd2 Nxh4 16. Ng1 Nf3+ 0-1

[Event "AUTO-ADV-1700"]
[Site "http://www.queenalice.com/game.php?id=750473"]
[Date "2010.3.23"]
[Round "1"]
[White "Goku"]
[Black "gedalias"]
[Result "1-0"]
[WhiteElo "1886"]
[BlackElo "1790"]

1. Nf3 Nc6 2. e4 Nf6 3. e5 Ng4 4. d4 d6 5. h3 Nh6 6. Nc3 dxe5 7. d5 Nb4 8. a3
Na6 9. Nxe5 g6 10. Bb5+ c6 11. dxc6 Qxd1+ 12. Kxd1 Kd8 13. Bxh6 Kc7 14. Nd5+ Kd6
15. Nxf7+ Kxd5 16. Re1 1-0

[Event "AUTO-ADV-1700"]
[Site "http://www.queenalice.com/game.php?id=750480"]
[Date "2010.3.23"]
[Round "1"]
[White "Goku"]
[Black "rbivanov"]
[Result "1-0"]
[WhiteElo "1922"]
[BlackElo "1808"]

1. e4 e5 2. Nf3 Nc6 3. d4 Nxd4 4. Nxd4 exd4 5. Qxd4 c5 6. Qa4 Bd6 7. f4 Ne7 8.
Nc3 O-O 9. Be3 a6 10. e5 Bb8 11. Bxc5 d6 12. exd6 Bxd6 13. O-O-O Nf5 14. Bxd6
Nxd6 15. Qb4 Qe7 16. Qxd6 Qxd6 17. Rxd6 Bf5 18. Bd3 Bxd3 19. Rxd3 Rad8 20. Rhd1
Rxd3 21. Rxd3 h6 22. Ne4 f5 23. Nc5 Rf7 24. Rd8+ Kh7 25. Rb8 g5 26. Rxb7 Rxb7
27. Nxb7 1-0

[Event "AUTO-ADV-1700"]
[Site "http://www.queenalice.com/game.php?id=750481"]
[Date "2010.3.23"]
[Round "1"]
[White "rbivanov"]
[Black "Goku"]
[Result "0-1"]
[WhiteElo "1817"]
[BlackElo "1910"]

1. d4 f5 2. c4 d6 3. Nc3 Nf6 4. Bg5 Nbd7 5. Nf3 e5 6. e4 fxe4 7. Nxe4 Be7 8.
Nxf6+ Bxf6 9. dxe5 Bxg5 10. exd6 cxd6 11. Qxd6 Be7 12. Qd4 Qa5+ 13. Nd2 O-O 14.
Be2 Nf6 15. O-O-O Bf5 16. a3 Rad8 17. Qf4 Qc3+ 18. bxc3 Bxa3# 0-1

[Event "AUTO-ADV-1700"]
[Site "http://www.queenalice.com/game.php?id=834087"]
[Date "2010.9.17"]
[Round "2"]
[White "jiujitsubr"]
[Black "Goku"]
[Result "0-1"]
[WhiteElo "1892"]
[BlackElo "1974"]

1. d4 d5 2. c4 e6 3. Nc3 Nf6 4. e3 c5 5. Nf3 dxc4 6. Bxc4 a6 7. O-O b5 8. Be2
Bb7 9. dxc5 Bxc5 10. Qxd8+ Kxd8 11. Ne5 Ke7 12. Rd1 Nbd7 13. Nxd7 Nxd7 14. Kh1
Rab8 15. f3 Rhd8 16. e4 Rbc8 17. a3 f6 18. Bf4 g5 19. Bg3 Ne5 20. Rac1 Be3 21.
Rb1 Ng6 22. Rxd8 Rxd8 23. Rd1 Nf4 24. Bxf4 Rxd1+ 25. Bxd1 Bxf4 26. g3 Bc1 27. a4
Bxb2 28. Ne2 g4 29. fxg4 Bxe4+ 30. Kg1 bxa4 31. Bxa4 Bf3 32. Nf4 e5 33. Nd3 Bd4+
34. Kf1 Bxg4 35. Nf2 Bf3 36. Ke1 e4 37. Bc6 a5 38. Nxe4 f5 39. Ng5 Bxc6 40. Nxh7
a4 0-1

[Event "AUTO-ADV-1700"]
[Site "http://www.queenalice.com/game.php?id=834088"]
[Date "2010.9.17"]
[Round "2"]
[White "Goku"]
[Black "jiujitsubr"]
[Result "1-0"]
[WhiteElo "1960"]
[BlackElo "1901"]

1. e4 c5 2. Nf3 d6 3. d4 cxd4 4. Nxd4 Nf6 5. Nc3 g6 6. Be3 Bg7 7. f3 O-O 8. Qd2
Nc6 9. Bc4 Nd7 10. O-O-O Nb6 11. Bb3 Na5 12. Qd3 Qc7 13. h4 Nbc4 14. Nd5 Nxb3+
15. Qxb3 Qc5 16. Ne6 Bxb2+ 17. Kb1 Qa3 18. Nxe7+ Kh8 19. Nxf8 Nxe3 20. Qxf7 Bg7
21. Qg8# 1-0

[Event "AUTO-ADV-1700"]
[Site "http://www.queenalice.com/game.php?id=834089"]
[Date "2010.9.17"]
[Round "2"]
[White "schwam"]
[Black "Goku"]
[Result "1-0"]
[WhiteElo "2037"]
[BlackElo "2003"]

1. c4 Nf6 2. Nc3 g6 3. g3 Bg7 4. Bg2 O-O 5. e4 e5 6. Nge2 d6 7. O-O Nc6 8. d3
Be6 9. h3 Qd7 10. Be3 Bxh3 11. Kh2 Ng4+ 12. Kg1 Bxg2 13. Kxg2 f5 14. Bd2 Nb4 15.
Bc1 Nf6 16. Rh1 Nh5 17. a3 Nc6 18. Nd5 Qf7 19. exf5 Qxf5 20. Be3 Rf7 21. Ndc3
Nd4 22. Ng1 Bh6 23. Ne4 Nf4+ 24. gxf4 Bxf4 25. Bxd4 exd4 26. Qf3 Qd7 27. Qh3 Qe7
28. Nf3 c5 29. Rae1 Qf8 30. Nf6+ Kg7 31. Nxh7 Qh8 32. Re6 Re8 33. Rxg6+ 1-0

[Event "AUTO-ADV-1700"]
[Site "http://www.queenalice.com/game.php?id=834090"]
[Date "2010.9.17"]
[Round "2"]
[White "Goku"]
[Black "schwam"]
[Result "1-0"]
[WhiteElo "1987"]
[BlackElo "1990"]

1. e4 e6 2. d4 d5 3. Nc3 Bb4 4. e5 c5 5. a3 Bxc3+ 6. bxc3 Ne7 7. Qg4 O-O 8. Bd3
Nbc6 9. Qh5 Ng6 10. Nf3 c4 11. Ng5 h6 12. Nxf7 Rxf7 13. Bxg6 Rd7 14. h4 Qf8 15.
Rh3 Ne7 16. Rf3 Qd8 17. Bf7+ Kh8 18. Bxh6 1-0